000 00839nam a2200253Ia 4500
003 OSt
005 20220926032244.0
006 a|||||r|||| 00| 0
007 ta
008 220923b |||||||| |||| 00| 0 eng d
020 _a9780754677628
_c5661.5100000000002
037 _b152, 22/02/2012, Better Book Service
_cGeneral Book
040 _aRTL
_cRTL
_beng
041 _2eng
_aeng
082 _aX:533.1.N7, Q1
100 _aShaw Timothy M.
_9113832
245 0 _aAshgate research companion to regionalisms.
260 _aSurrey
_bAshgate Publishing
_c2011
300 _axx, 404p
_ccm.
490 _aInternational Political Economy of New Regionalisms Series.
650 _aGeography
942 _hX:533.1.N7, Q1
_cGB
_2CC
999 _c654243
_d654243